00453nam a2200193Ia 4500008004100000020001800041050001400059100002100073245002000094245002400114260001000138260002100148260000900169300001600178300002000194300001000214300002900224440000600253170918s9999 xx 000 0 und d a9781416955078 bC591 2007 aClare, Cassandra aCity of bones / cby Cassandra Clare. aUSA : bMcElderry Books, c2007 a485 pages : billustrations ; c20cm. eThe mortal instruments ; a1